Statistics for Real Life Monopoly Locations - Map Quiz

Click here to take the quiz!

General Stats

  • This quiz has been taken 33 times
  • The average score is 11 of 14

Answer Stats

Answer % Correct
Pacific Ocean
94%
Atlantic Ocean
94%
Mediterranean Sea
94%
Pennsylvania
83%
Baltic Sea
83%
Kentucky
78%
Illinois
78%
Indiana
78%
North Carolina
78%
Vermont
78%
Virginia
72%
New York
72%
Tennessee
61%
Connecticut
56%

Score Distribution

Percentile by Number Answered

Percent of People with Each Score

Your Score History

You have not taken this quiz